Chanson française par image #3 - Statistiques

Statistiques générales
  • Ce quiz a été pris 7 142 fois
    6 697 depuis la dernière actualisation
  • Le résultat moyen est 10 sur 16
Statistiques - réponses
Par images Hint Réponse % Correct
Téléphone Cendrillon
95%
Johnny Hallyday Allumer le feu
94%
Zazie Zen
83%
Lara Fabian Je t'aime
81%
Nolwenn Leroy Cassé
80%
Calogero En apesanteur
80%
Nino Ferrer Le Sud
75%
Patrick Bruel Casser la voix
70%
Georges Brassens Le Gorille
64%
Maxime le Forrestier San Francisco
64%
Michel Polnareff Lettre à France
52%
Gérard Lenorman Si j'étais président
49%
Charles Trenet Douce France
46%
Indochine Canary Bay
27%
Hervé Vilard Capri c'est fini
23%
Francis Cabrel C'est écrit
18%
Aucun quiz correspondant
Distribution des résultats
% des personnes avec chaque résultat
Percentile par nombre de réponses
Votre historique - résultats
Vous n’avez pas pris ce quiz depuis la dernière actualisation